Economics From the Heart/ (Record no. 207705)

MARC details
000 -LEADER
fixed length control field 00615nam a22001817a 4500
010 ## - LCCN (DPL NO)
LC control number ENG-143081
020 ## - INTERNATIONAL STANDARD BOOK NUMBER
International Standard Book Number 9788119337828
Terms of availability 860.00
035 ## - SYSTEM CONTROL NUMBER
System control number EN-126613
037 ## - SOURCE OF ACQUISITION
Source of stock number/acquisition DBAD
082 ## - DEWEY DECIMAL CLASSIFICATION NUMBER
Classification number 330.2
100 ## - MAIN ENTRY--PERSONAL NAME
Personal name Sangamithra, A.
245 ## - TITLE STATEMENT
Title Economics From the Heart/
Statement of responsibility, etc by A. Sangamithra [and] J. Jacintha Maria Florence
260 ## - PUBLICATION, DISTRIBUTION, ETC. (IMPRINT)
Place of publication, distribution, etc Tamil Nadu
Name of publisher, distributor, etc Shanlax publications
Date of publication, distribution, etc 2023
270 ## - ADDRESS
Address 61, 66 T.P.K. Main Road, Vasantha Nagar,
City Madurai, Tamil Nadu
Postal code 625003
300 ## - PHYSICAL DESCRIPTION
Extent 216p.
Dimensions 25cm(pb)
700 ## - ADDED ENTRY--PERSONAL NAME
Personal name Florence, J. Jacintha Maria
Relator term Author
9 (RLIN) 75178
942 ## - ADDED ENTRY ELEMENTS (KOHA)
Source of classification or shelving scheme Dewey Decimal Classification
Item type English Books
Classification part 330.2
Call number suffix SAN
Holdings
Withdrawn status Lost status Not for loan Collection code Home library Current library Date acquired Source of acquisition Cost, normal purchase price Full call number Barcode Copy number Cost, replacement price Koha item type
      Non-fiction Kasturba Gandhi Marg Kasturba Gandhi Marg 16/12/2024 Delivery of Books Division 860.00 330.2 SAN EN-126613 1 860.00 English Books

© Delhi Public Library
Hit Counter
free hit counter